LEADER 03420oam 22005534a 450 001 9910456821103321 005 20210114060225.0 010 $a0-253-00133-1 035 $a(CKB)2550000000040353 035 $a(EBL)713672 035 $a(OCoLC)735596398 035 $a(SSID)ssj0000533813 035 $a(PQKBManifestationID)11319020 035 $a(PQKBTitleCode)TC0000533813 035 $a(PQKBWorkID)10493395 035 $a(PQKB)10719903 035 $a(OCoLC)753560211 035 $a(MdBmJHUP)muse1873 035 $a(MiAaPQ)EBC713672 035 $a(EXLCZ)992550000000040353 100 $a20091016d2010 uy 0 101 0 $aeng 135 $aur|n|---||||| 181 $ctxt 182 $cc 183 $acr 200 04$aThe African Diaspora and the Disciplines$b[electronic resource] /$fedited by Tejumola Olaniyan and James H. Sweet 210 $aBloomington $cIndiana University Press$d2010 215 $a1 online resource (376 p.) 300 $aIncludes conference papers. 311 $a0-253-35464-1 320 $aIncludes bibliographical references and index. 327 $aContents; Acknowledgments; Introduction; Part One. Histories; 1. Clio and the Griot: The African Diaspora in the Disciplineof History; 2. African Diaspora and Anthropology; 3. How Genetics Can Provide Detail to the Transatlantic African Diaspora; 4. Landscapes and Places of Memory: African Diaspora Research and Geography; 5. African Diaspora in Archaeology; Part Two. Social Sciences; 6. Caribbean Sociology, Africa, and the African Diaspora; 7. African Diaspora and Political Science; 8. The African Diaspora and Philosophy; Part Three. Arts and Culture 327 $a9. "Function at the Junction"? African Diaspora Studies and Theater Studies10. Ethnomusicology and the African Diaspora; 11. Semioptics of Africana Art History; 12. Out of Context: Thinking Cultural Studies Diasporically; Part Four. Diaspora Contexts; 13. African Diaspora Studies in the Creole-Anglophone Caribbean: A Perspective from the University of the West Indies, Mona, Jamaica; 14. South Africa's Elusive Quest for an African Identity:The Ironies of a South Africa-Led African Renaissance; 15. "Black Folk Here and There": Repositioning Other(ed)African Diaspora(s) in/and "Europe" 327 $aContributorsIndex 330 $aFocusing on the problems and conflicts of doing African diaspora research from various disciplinary perspectives, these essays situate, describe, and reflect on the current practice of diaspora scholarship. Tejumola Olaniyan, James H. Sweet, and the international group of contributors assembled here seek to enlarge understanding of how the diaspora is conceived and explore possibilities for the future of its study. With the aim of initiating interdisciplinary dialogue on the practice of African diaspor 606 $aAfrican diaspora$xStudy and teaching (Higher)$vCongresses 608 $aElectronic books. 615 0$aAfrican diaspora$xStudy and teaching (Higher) 676 $a909.0496 676 $a909/.0496 701 $aSweet$b James H$g(James Hoke)$050829 701 $aOlaniyan$b Tejumola$0853264 801 0$bMdBmJHUP 801 1$bMdBmJHUP 906 $aBOOK 912 $a9910456821103321 996 $aThe African Diaspora and the Disciplines$91933316 997 $aUNINA LEADER 05022nam 2200601 450 001 9910795930803321 005 20200923020339.0 010 $a3-11-053739-7 010 $a3-11-053822-9 024 7 $a10.1515/9783110538229 035 $a(CKB)3710000001418578 035 $a(MiAaPQ)EBC4895047 035 $a(DE-B1597)478904 035 $a(OCoLC)1000408443 035 $a(OCoLC)992507011 035 $a(OCoLC)993121922 035 $a(DE-B1597)9783110538229 035 $a(Au-PeEL)EBL4895047 035 $a(CaPaEBR)ebr11405480 035 $a(PPN)203528093 035 $a(EXLCZ)993710000001418578 100 $a20170728h20172017 uy 0 101 0 $ager 135 $aurcnu|||||||| 181 $2rdacontent 182 $2rdamedia 183 $2rdacarrier 200 10$aMentale Ereignisse $eBewusstseinsveranderungen in europaischen Erzahlwerken vom Mittelalter bis zur Moderne /$fWolf Schmid 210 1$aBerlin, [Germany] ;$aBoston, [Massachusetts] :$cDe Gruyter,$d2017. 215 $a1 online resource (440 pages) $cillustrations 225 1 $aNarratologia,$x1612-8427 ;$vBand 58 311 $a3-11-053705-2 320 $aIncludes bibliographical references and index. 327 $tFrontmatter -- $tVorwort -- $tInhalt -- $t1. Einleitung: Handlung und Bewusstsein -- $tI. Bewusstsein und Ereignis -- $t2. Bewusstseinsdarstellung -- $t3. Mentale Zustandsveränderungen und Ereignisse -- $tII. Bewusstseinsveränderung in Epen des deutschen Mittelalters -- $t4. Wolframs Parzival: Die Überwindung der hôchvart -- $t5. Gottfrieds Tristan: Grenzüberschreitungen und Aporien -- $tIII. Mentale Ereignisse in der englischen Literatur des 18. und 19. Jahrhunderts -- $t6. Die Wendungen des Gefühls in Samuel Richardsons Briefromanen -- $t7. Erkennen in Jane Austens Romanen -- $tIV. Nicht erzählte und nicht eintretende Ereignisse in der Literatur des 19. Jahrhunderts -- $t8. Psychologia in absentia: Aleksandr Pu?kins Belkin-Erzählungen -- $t9. Das nicht eintretende Ereignis in Otto Ludwigs Zwischen Himmel und Erde -- $t10. Eine nicht ereignisfähige Welt in Jan Nerudas Kleinseitner Geschichten -- $tV. Ereignisoptimismus im russischen Realismus -- $t11. Fëdor Dostoevskij -- $t12. Lev Tolstoj -- $tVI. Ereignisskepsis im russischen Postrealismus -- $t13. Anton ?echov -- $tVII. Zusammenfassung und Auswertung -- $t14 Parzival: Asymmetrische Entwicklung in Sprüngen -- $t15. Tristan: Widersprüche des Herzens in dialogisierten inneren Monologen -- $t16. Samuel Richardson: Der Beginn der Bewusstseinskunst -- $t17. Jane Austen: Erkenntnisprozesse in erlebter Rede -- $t18. Aleksandr Pu?kin: Vielstimmige Charaktere -- $t19. Otto Ludwig: Das nicht eintretende Ereignis im Gemenge von Stimmen und Sinnpositionen -- $t20. Jan Neruda: Der Reigen der nicht gelingenden Ereignisse -- $t21. Fëdor Dostoevskij: Dialogizität im Pro und Contra -- $t22. Lev Tolstoj: die Dialektik der Seele in der Suche nach dem Sinn -- $t23. Anton ?echov: Die Ereignisskepsis des Postrealisten -- $tLiteraturverzeichnis -- $tIndex der Namen und Werke 330 $aMentale Ereignisse, die die erzählten Figuren betreffen, bilden ein wesentliches Thema von Erzählwerken. Nach der Typologisierung von Verfahren, die Bewusstseinsinhalte der Figuren darstellen, einem Abriss der Bedingungen von Ereignissen und der Kriterien für Ereignishaftigkeit werden klassische Erzählwerke unterschiedlicher Kulturen und Epochen daraufhin untersucht, wie sie Bewusstseinsveränderungen der Figuren gestalten. Der Parcours setzt ein mit den beiden großen Epen des deutschen Mittelalters "Parzival" und "Tristan". An den Briefromanen Richardsons und den weitgehend figural perspektivierten Romanen Austens wird die Entwicklung des Bewusstseinsromans herausgearbeitet. In einem Zwischenteil werden an Werken Puschkins, Ludwigs und Nerudas privative Phänomene untersucht. Der Ereignisoptimismus des großen russischen Realismus wird an Romanen Dostoevskijs und Tolstojs analysiert, und die Ereignisskepsis des Postrealismus an ?echovs Erzählungen demonstriert. Das Buch folgt drei Leitfragen: Welche Ereignis- und Bewusstseinsphilosophie wird in den Werken ausgedrückt? Welche Affinität besitzen Kulturen und Epochen zu Ereignishaftigkeit? In welchem Maße lassen sie die Gestaltung fundamentaler mentaler Veränderungen zu? 410 0$aNarratologia ;$vBand 58. 606 $aFirst person narrative 606 $aNarration (Rhetoric)$xPsychological aspects 606 $aEuropean literature$xHistory and criticism 610 $aDepictions of consciousness, mental events. 615 0$aFirst person narrative. 615 0$aNarration (Rhetoric)$xPsychological aspects. 615 0$aEuropean literature$xHistory and criticism. 676 $a809.3923 686 $aEC 5410$2rvk 700 $aSchmid$b Wolf$093691 801 0$bMiAaPQ 801 1$bMiAaPQ 801 2$bMiAaPQ 906 $aBOOK 912 $a9910795930803321 996 $aMentale Ereignisse$93839895 997 $aUNINA